000 00582nam a2200193Ia 4500
005 20250508162912.0
008 008 250505s9999 xx 000 0 eng d
020 _a0-00-255143-8
037 _aTextual
040 _aFEDL
_beng
_cFEDL
041 _aeng
_2eng
084 _a153.35, DEB
_qFEDL
100 _aBono Edward de
_9408680
245 0 _aSerious creativity : Using the power of lateral thinking to create new ideas
260 _aNew Delhi, India
_bHarper Collins
_c1992
300 _axiv,338p.
942 _cTEXL
_h153.35, DEB
999 _c1379336
_d1379336